Borussia Mönchengladbach Squad 2025-2026 - Statistics

General Stats
  • This quiz has been taken 115 times
    26 since last reset
  • The average score is 16 of 35
Answer Stats
# Position Nation Player % Correct
4 DF Indonesia Kevin Diks
89%
15 FW Bosnia and Herzegovina Haris Tabaković
84%
1 GK Switzerland Jonas Omlin
79%
9 FW France Franck Honorat
74%
30 DF Switzerland Nico Elvedi
74%
10 MF Germany Florian Neuhaus
68%
29 DF United States Joe Scally
68%
7 MF Austria Kevin Stöger
63%
27 MF Germany Rocco Reitz
63%
11 FW Germany Tim Kleindienst
63%
- Coach Poland Eugen Polanski
58%
- Coach Switzerland Gerardo Seoane
58%
17 MF South Korea Jens Castrop
58%
20 DF Germany Luca Netz
58%
25 FW Germany Robin Hack
58%
2 DF Italy Fabio Chiarodia
53%
14 DF Japan Kota Takai
47%
26 DF Germany Lukas Ullrich
47%
5 DF Germany Marvin Friedrich
47%
33 GK Germany Moritz Nicolas
47%
13 MF United States Giovanni Reyna
42%
42 GK Luxembourg Tiago Pereira Cardoso
37%
36 MF Germany Wael Mohya
37%
8 FW Argentina Alejo Sarco
32%
28 FW Armenia Grant-Leon Ranos
32%
19 FW Cameroon Nathan N'Goumou
32%
38 MF Sweden Hugo Bolin
26%
16 MF Germany Philipp Sander
26%
18 FW Japan Shuto Machino
26%
21 GK Germany Tobias Sippel
26%
23 GK Germany Jan Olschowsky
21%
6 MF Germany Yannik Engelhardt
21%
22 MF Denmark Oscar Fraulo
16%
34 FW Germany Charles Herrmann
5%
39 MF Germany Niklas Swider
5%
No matching quizzes found
Score Distribution
Percent of People with Each Score
Percentile by Number Answered
Your Score History
You have not taken this quiz since the last reset